000 00533nam a2200193Ia 4500
005 20250508150703.0
008 008 250505s9999 xx 000 0 eng d
037 _aTextual
040 _aFEDL
_beng
_cFEDL
041 _aeng
_2eng
084 _a157.9, SAL
_qFEDL
100 _aSalter Andrew
_9757370
245 0 _aConditioned reflex therapy
260 _aNew York, USA
_bCreative Age Press
_c1949
300 _ax,359p.
650 _aAbnormal Psychology
942 _cTEXL
_h157.9, SAL
999 _c1325059
_d1325059